Revenue streams in business models

Gespeichert in:
Bibliographische Detailangaben
1. Verfasser: Bednár, Richard, 1985-
Format: Buchkapitel
Sprache:Englisch
Tags: Tag hinzufügen
Keine Tags, Fügen Sie das erste Tag hinzu!

MARC

LEADER 00000nla a2200000 4500
001 0162528
005 20240502072820.7
041 0 |a eng 
044 |a SK 
245 1 0 |a Revenue streams in business models  |c Richard Bednár 
100 1 |a Bednár, Richard, 1985-